<?xml version="1.0" encoding="UTF-8"?><?xml-stylesheet type="text/xsl" href="static/style.xsl"?><OAI-PMH xmlns="http://www.openarchives.org/OAI/2.0/" xmlns:xsi="http://www.w3.org/2001/XMLSchema-instance" xsi:schemaLocation="http://www.openarchives.org/OAI/2.0/ http://www.openarchives.org/OAI/2.0/OAI-PMH.xsd"><responseDate>2026-06-07T16:54:01Z</responseDate><request verb="GetRecord" identifier="oai:docta.ucm.es:20.500.14352/113117" metadataPrefix="marc">https://docta.ucm.es/rest/oai/request</request><GetRecord><record><header><identifier>oai:docta.ucm.es:20.500.14352/113117</identifier><datestamp>2025-03-18T12:37:35Z</datestamp><setSpec>com_20.500.14352_14</setSpec><setSpec>col_20.500.14352_15</setSpec></header><metadata><record xmlns="http://www.loc.gov/MARC21/slim" xmlns:dcterms="http://purl.org/dc/terms/" xmlns:xsi="http://www.w3.org/2001/XMLSchema-instance" xmlns:doc="http://www.lyncode.com/xoai" xsi:schemaLocation="http://www.loc.gov/MARC21/slim http://www.loc.gov/standards/marcxml/schema/MARC21slim.xsd">
   <leader>00925njm 22002777a 4500</leader>
   <datafield ind2=" " ind1=" " tag="042">
      <subfield code="a">dc</subfield>
   </datafield>
   <datafield ind2=" " ind1=" " tag="720">
      <subfield code="a">Žagar, Anamarija</subfield>
      <subfield code="e">author</subfield>
   </datafield>
   <datafield ind2=" " ind1=" " tag="720">
      <subfield code="a">Simčič, Tatjana</subfield>
      <subfield code="e">author</subfield>
   </datafield>
   <datafield ind2=" " ind1=" " tag="720">
      <subfield code="a">Dajčman, Urban</subfield>
      <subfield code="e">author</subfield>
   </datafield>
   <datafield ind2=" " ind1=" " tag="720">
      <subfield code="a">Megia Palma, Rodrigo Manuel</subfield>
      <subfield code="e">author</subfield>
   </datafield>
   <datafield ind2=" " ind1=" " tag="260">
      <subfield code="c">2022</subfield>
   </datafield>
   <datafield ind2=" " ind1=" " tag="520">
      <subfield code="a">Studies which quantify the influence of abiotic factors on physiological variation are paramount to comprehend organismal responses to diverse environments. We studied three physiological aspects of metabolism in two sympatric and ecologically similar European lizard species, Podarcis muralis and Iberolacerta horvathi, across an 830-m elevational gradient. We collected blood samples and tail tips from adult lizards, which were analyzed for parasitemia, hemoglobin concentration, potential metabolic activity and catalase activity. Hemoglobin concentration was higher in males than females and it increased across elevation in one of the studied species – P. muralis. Parasitemia was not an important predictor of the variation in hemoglobin concentration, which suggests that blood parasites do not constraint the aerobic capacity of the lizards. On the other hand, catalase activity reflected increased antioxidant activity in the presence of higher parasitemia, possibly acting as an adaptive mechanism to reduce oxidative stress during immune activation. Potential metabolic activity, as a proxy for maximum respiratory enzymatic capacity, did not differ between species or sexes nor was it affected by elevation or levels of parasitemia. The results provide insight into the relationships between physiological, biotic, and environmental traits in sympatric lizards.</subfield>
   </datafield>
   <datafield ind1="8" ind2=" " tag="024">
      <subfield code="a">Žagar, A., Simčič, T., Dajčman, U., &amp; Megía-Palma, R. (2022). Parasitemia and elevation as predictors of hemoglobin concentration and antioxidant capacity in two sympatric lizards. Comparative Biochemistry and Physiology -Part A : Molecular and Integrative Physiology, 270. https://doi.org/10.1016/J.CBPA.2022.111233</subfield>
   </datafield>
   <datafield ind1="8" ind2=" " tag="024">
      <subfield code="a">1095-6433</subfield>
   </datafield>
   <datafield ind1="8" ind2=" " tag="024">
      <subfield code="a">10.1016/j.cbpa.2022.111233</subfield>
   </datafield>
   <datafield ind1="8" ind2=" " tag="024">
      <subfield code="a">https://hdl.handle.net/20.500.14352/113117</subfield>
   </datafield>
   <datafield ind1="8" ind2=" " tag="024">
      <subfield code="a">1531-4332</subfield>
   </datafield>
   <datafield ind1="8" ind2=" " tag="024">
      <subfield code="a">https://doi.org/10.1016/j.cbpa.2022.111233</subfield>
   </datafield>
   <datafield ind1="8" ind2=" " tag="024">
      <subfield code="a">https://www.sciencedirect.com/science/article/pii/S1095643322000915?via%3Dihub</subfield>
   </datafield>
   <datafield ind2="0" ind1="0" tag="245">
      <subfield code="a">Parasitemia and elevation as predictors of hemoglobin concentration and antioxidant capacity in two sympatric lizards</subfield>
   </datafield>
</record></metadata></record></GetRecord></OAI-PMH>